Normal view
MARC view
Entry Nombre personal
001 - NÚMERO DE CONTROL
- campo de control: 5774
003 - IDENTIFICADOR DEL NÚMERO DE CONTROL
- campo de control: OSt
005 - FECHA Y HORA DE LA ÚLTIMA TRANSACCIÓN
- campo de control: 20210409091755.0
008 - DATOS DE LONGITUD FIJA
- campo de control de longitud fija: 200615|| aca||aabn | a|a d
040 ## - FUENTE DE LA CATALOGACIÓN
- Centro catalogador/agencia de origen: OSt
- Centro/agencia transcriptor: OSt
100 ## - ENCABEZAMIENTO-NOMBRE DE PERSONA
- Nombre de persona: Tactuk, Pablo
370 ## - LUGAR ASOCIADO
- Lugar de nacimiento: República Dominicana
372 ## - CAMPO DE ACTIVIDAD
- Campo de actividad: Estadística
375 ## - GÉNERO/SEXO
- Género/Sexo: Masculino
377 ## - LENGUA/LENGUAJE ASOCIADO
- Código del idioma: spa
400 ## - TRAZADO DE VÉASE--NOMBRE DE PERSONA
- Nombre de persona: Tactux, Pablo
670 ## - FUENTE DE DATOS ENCONTRADOS
- Cita de la fuente: Perfiles estadísticos provinciales : provincia Santiago /, 2014.
670 ## - FUENTE DE DATOS ENCONTRADOS
- Cita de la fuente: Bretón, M. La migración interna en ... 1977
670 ## - FUENTE DE DATOS ENCONTRADOS
- Cita de la fuente: Atlas del República Dominicana, 2010
